000 02169 a2200253 4500
001 49831
005 20260407155759.0
008 260407a2004 arg spa d
003 AR-UNSa-BCEJYS
040 _aAR-UNSa-BCEJYS
_bspa
_cAR-UNSa-BCEJYS
080 _a330.101.542
_xMicroeconomía
245 1 0 _aMicroeconomía intermedia
020 _a84-481-4182-2
264 1 _aMadrid :
_bMcGraw-Hill
_c2004
300 _axxiii, 442 p.
_c25 cm.
505 _a1. Introducción – 2. Las ganancias derivadas del intercambio – 3. Los bienes discretos: precios de reserva, oferta y demanda, y excedentes – 4. Los bienes continuos. Oferta, demanda y excedentes – 5. Las preferencias – 6. La oferta y la demanda cuando la renta aparecen como dotación – 7. La demanda cuando la renta aparece como dinero – 8. El intercambio – 9. El bienestar - 10. La empresa y la tecnología – 11. La minimización de costes y la demanda de factores – 12. Las curvas de costes – 13. La oferta de la empresa y el excedente del productor – 14. La frontera de posibilidades de producción – 15. La producción y el intercambio – 16. Evidencia empírica sobre la oferta, la demanda y los excedentes – 17. La agregación de variables – 18. Las preferencias reveladas y la tecnología revelada – 19. Variaciones compensatorias y equivalentes – 20. La elección intertemporal – 21. El modelo de utilidad descontada – 22. El intercambio en los mercados de capital – 23. La elección bajo riesgo – 24. El modelo de utilidad esperada – 25. El intercambio en los mercados de seguros – 26. El mercado de trabajo – 27. Los impuestos – 28. El monopolio y el monopsonio – 29. El monopolio natural y la discriminación de precios – 30. La teoría de juegos – 31. El duopolio – 32. Las externalidades – 33. Los bienes públicos – 34. La información asimétrica.
041 _aspa
942 _cBK
590 _aniveau_biblio:m niveau_hierar:0
100 1 _aHey, John D.
700 1 _aTrinidad, Gloria
700 1 _aFlamini, Esteban
856 4 1 _uhttps://www.biblioeco.unsa.edu.ar/pmb/images/libros/L128209.jpg
_yImagen de portada
_qimage/jpeg
999 _c4902
_d4902